| 000 | 005640000a22001810004500 | ||
|---|---|---|---|
| 090 |
_aAR _b01548 |
||
| 245 | 1 | 0 | _aBiodiversity across spatial and temporal scales: problems and opportunities |
| 650 | 1 | 4 |
_aManejo de Bosques _979593 |
| 650 | 1 | 4 |
_aEscala temporal _994895 |
| 650 | 1 | 4 |
_aEscala espacial _994896 |
| 650 | 1 | 4 |
_aBiodiversidad _992204 |
| 650 | 1 | 4 |
_aEvolución _992797 |
| 041 | 0 | _aInglés | |
| 700 | 1 |
_aHuggard, David J. _994897 |
|
| 100 | 1 |
_aBunnell, Fred L. _994898 |
|
| 942 | _cARTICULO | ||
| 773 | 1 |
_tForest Ecology and Management _3114 _h115 _q113-126 _d1999 |
|
| 999 |
_c10629 _d10629 |
||